Legendy brazylijskiej piłki nożnej - Statystyki

Ogólne statystyki
  • Ten quiz został rozwiązany 2 046 razy
    1 791 od ostatniego zresetowania
  • Średni wynik to 13 z 70
Statystyki odpowiedzi
Pozycja Zawodnik % Poprawnych
Napastnik Ronaldo
93%
Pomocnik/Napastnik Ronaldinho
87%
Napastnik Pele
86%
Napastnik Neymar
80%
Obrońca Roberto Carlos
76%
Pomocnik/Napastnik Rivaldo
72%
Pomocnik Kaka
58%
Obrońca Cafu
52%
Bramkarz Dida
51%
Pomocnik/Napastnik Socrates
48%
Napastnik Garrincha
47%
Obrońca Thiago Silva
43%
Obrońca Marcelo
40%
Obrońca Dani Alves
39%
Napastnik Romario
37%
Bramkarz Julio Cesar
35%
Obrońca David Luiz
33%
Obrońca Carlos Alberto
31%
Pomocnik Zico
30%
Napastnik Robinho
24%
Obrońca Lucio
23%
Napastnik Adriano
19%
Napastnik Hulk
18%
Obrońca Maicon
15%
Pomocnik Ze Roberto
12%
Napastnik Bebeto
11%
Bramkarz Claudio Taffarel
11%
Obrońca Dunga
10%
Pomocnik Fernandinho
10%
Napastnik Jairzinho
9%
Pomocnik Gilberto Silva
8%
Pomocnik Emerson
7%
Pomocnik Didi
6%
Pomocnik Rivelino
6%
Bramkarz Rogerio Ceni
6%
Napastnik Leonidas
5%
Napastnik Luis Fabiano
5%
Napastnik Vava
5%
Bramkarz Gilmar
4%
Pomocnik Juninho Pernambucano
4%
Pomocnik/Napastnik Mario Zagallo
4%
Obrońca Maxwell
4%
Napastnik Tostao
4%
Napastnik Ademir
3%
Pomocnik Denilson
3%
Obrońca Djalma Santos
3%
Napastnik Giovane Elber
3%
Pomocnik Leonardo
3%
Obrońca Luisao
3%
Bramkarz Marcos
3%
Obrońca Roque Junior
3%
Obrońca Aldair
2%
Pomocnik Gerson
2%
Napastnik Mario Jardel
2%
Obrońca Nilton Santos
2%
Pomocnik Paulo Roberto Falcao
2%
Pomocnik Zito
2%
Pomocnik Zizinho
2%
Napastnik Careca
1%
Pomocnik Clodoaldo
1%
Obrońca Domingos da Guia
1%
Pomocnik Flavio Conceicao
1%
Napastnik Jose Altafini
1%
Obrońca Mauro Ramos
1%
Pomocnik Piazza
1%
Obrońca Altair
0%
Napastnik Arthur Friedenreich
0%
Bramkarz Carlos Castilho
0%
Napastnik Evaristo
0%
Obrońca Zozimo
0%
Nie znaleziono quizów pasujących do podanych kryteriów
Rozkład punktacji
Procent ludzi z każdym wynikiem
Percentyl według liczby udzielonych odpowiedzi
Twoja historia wyników
Nie rozwiązałeś tego quizu od ostatniego zresetowania